Saint Venceslas duc de Bohême (Record no. 58482)

MARC details
000 -LEADER
campo de control de longitud fija 00526nam a2200181 i 4500
001 - NÚMERO DE CONTROL
campo de control 58482
003 - IDENTIFICADOR DE NÚMERO DE CONTROL
campo de control ES-MaACL
005 - FECHA Y HORA DE LA ÚLTIMA TRANSACCIÓN
campo de control 20250928103331.0
007 - CAMPO FIJO DE DESCRIPCIÓN FÍSICA--INFORMACIÓN GENERAL
campo de control de longitud fija t|
008 - DATOS DE LONGITUD FIJA--INFORMACIÓN GENERAL
campo de control de longitud fija 031022s1929 xr ||||1| fre d
100 1# - ENTRADA PRINCIPAL--NOMBRE DE PERSONA
Nombre de persona Dvornik, Francis.
9 (RLIN) 46401
245 10 - MENCIÓN DEL TÍTULO
Título Saint Venceslas duc de Bohême
Resto del título : martyr /
Mención de responsabilidad, etc. par Abbé Dvornik.
260 ## - PUBLICACIÓN, DISTRIBUCIÓN, ETC.
Lugar de publicación, distribución, etc. Prague :
Nombre del editor, distribuidor, etc. [s.n.],
Fecha de publicación, distribución, etc. 1929 (
Fabricante Imp. d'Etat)
300 ## - DESCRIPCIÓN FÍSICA
Extensión 80 p. :
Otras características físicas il. ;
Dimensiones 18 cm.
600 17 - PUNTO DE ACCESO ADICIONAL DE MATERIA--NOMBRE DE PERSONA
Nombre de persona Wenceslao,
Títulos y otros términos asociados al nombre Santo
Fuente del encabezamiento o término
9 (RLIN) 154434
852 ## - LOCALIZACIÓN
Ubicación ES-MaACL
Número de control de estantería 1736-F-14
Holdings
Estatus retirado Estado de pérdida Estado de daño No para préstamo Colección Biblioteca de origen Biblioteca actual Ubicación en estantería Fecha de adquisición Fuente de adquisición Total de préstamos Signatura topográfica completa Código de barras Visto por última vez Precio de reemplazo Tipo de ítem Koha
        Colección de folletos Biblioteca del Ateneo de Madrid Biblioteca del Ateneo de Madrid Depósito folletos 17/01/2008     1736-F-14 1061363 23/02/2023 23/02/2023 Folleto